Microeconomic theory. (Record no. 7379)

MARC details
000 -LEADER
fixed length control field 00876cam a2200277 i 4500
001 - CONTROL NUMBER
control field 2206094
003 - CONTROL NUMBER IDENTIFIER
control field OSt
005 - DATE AND TIME OF LATEST TRANSACTION
control field 20211025132009.0
008 - FIXED-LENGTH DATA ELEMENTS--GENERAL INFORMATION
fixed length control field 750410s1975 ilua b 001 0 eng
010 ## - LIBRARY OF CONGRESS CONTROL NUMBER
LC control number 74024441
020 ## - INTERNATIONAL STANDARD BOOK NUMBER
International Standard Book Number 0256016372
040 ## - CATALOGING SOURCE
Original cataloging agency DLC
Transcribing agency DDC
Modifying agency DLC
050 00 - LIBRARY OF CONGRESS CALL NUMBER
Classification number HB171.5
Item number .F414 1975
082 00 - DEWEY DECIMAL CLASSIFICATION NUMBER
Classification number 338.5FER 1975
100 1# - MAIN ENTRY--PERSONAL NAME
Personal name Ferguson, C. E.;
Fuller form of name (Charles E.)
9 (RLIN) 15115
245 10 - TITLE STATEMENT
Title Microeconomic theory.
Statement of responsibility, etc. Edited by Ferguson C. E. and Gould J. P.;
250 ## - EDITION STATEMENT
Edition statement 4th ed.
260 ## - PUBLICATION, DISTRIBUTION, ETC. (IMPRINT)
Place of publication, distribution, etc. Homewood, Ill.
Name of publisher, distributor, etc. Richard D. Irwin,INC.
Date of publication, distribution, etc. 1975.
300 ## - PHYSICAL DESCRIPTION
Extent xiv,542p;
Other physical details ill;
Dimensions 24cm.
490 0# - SERIES STATEMENT
Series statement The Irwin series in economics
504 ## - BIBLIOGRAPHY, ETC. NOTE
Bibliography, etc Includes; bibliography references and indexes.
650 #0 - SUBJECT ADDED ENTRY--TOPICAL TERM
Topical term or geographic name as entry element Microeconomics.
9 (RLIN) 4398
700 1# - ADDED ENTRY--PERSONAL NAME
Personal name Gould, John P.,
Dates associated with a name 1939-
Relator term joint author.
9 (RLIN) 15116
906 ## - LOCAL DATA ELEMENT F, LDF (RLIN)
a 7
b cbc
c orignew
d 2
e ocip
f 19
g y-gencatlg
942 ## - ADDED ENTRY ELEMENTS (KOHA)
Source of classification or shelving scheme Dewey Decimal Classification
Koha item type Open Shelf
Holdings
Withdrawn status Lost status Source of classification or shelving scheme Damaged status Not for loan Home library Current library Date acquired Source of acquisition Inventory number Total Checkouts Full call number Barcode Date last seen Price effective from Koha item type
    Dewey Decimal Classification     MUST Main Library MUST Main Library 25/10/2021 Purchase 21/41586   338.5FER 1975 2021-1523 25/10/2021 25/10/2021 Open Shelf